|
|
|
|
| LEADER |
01163nam a22002892a 4500 |
| 001 |
000199387 |
| 003 |
CZ BrMZK |
| 005 |
20140919080729.0 |
| 007 |
ta |
| 008 |
970107s1960 xr af f cze d |
| 015 |
|
|
|a cnb000481336
|
| 035 |
|
|
|a (OCoLC)85330333
|
| 040 |
|
|
|a BOA001
|b cze
|
| 100 |
1 |
|
|a Tomeš, Jan Marius,
|d 1913-2010
|7 jk01132715
|4 aut
|
| 245 |
1 |
0 |
|a Josef Brož /
|c Jan Tomeš ; fot. Frant. Ježerského
|
| 250 |
|
|
|a Vyd. 1.
|
| 260 |
|
|
|a Praha :
|b Nakladatelství československých výtvarných umělců,
|c 1960
|
| 300 |
|
|
|a 18 s., 35 obr. příl.
|
| 490 |
1 |
|
|a Nové prameny ;
|v sv. 30
|
| 504 |
|
|
|a Bibliografie na s. 18.
|
| 830 |
|
0 |
|a Nové prameny
|0 s
|
| 856 |
4 |
1 |
|u http://www.digitalniknihovna.cz/mzk/uuid/uuid:50f6fb40-3fed-11e4-bc3a-005056827e51
|y Digitalizovaný dokument
|x NDK
|
| 910 |
|
|
|a BOA001
|b PK-N-0004.600
|b 4-0435.161
|
| 964 |
|
|
|a Brož, Josef - 1904-1980 - život a dílo - jk01013212 - publikace obrazové
|
| 990 |
|
|
|a BK
|
| 996 |
7 |
|
|b 3119930558
|c PK-N-0004.600
|l MZK
|r Sklad / do 1 hodiny
|n 0
|w 000199387
|u 000010
|a 1
|e BOA001
|j MZK50
|s A
|
| 996 |
6 |
|
|b BC-1413203
|c 4-0435.161
|l MZK
|r Sklad / do 24 hodin
|n 0
|w 000199387
|u 000020
|a 1
|e BOA001
|j MZK50
|s P
|